Stroud's Judicial Dictionary (Record no. 2959)

MARC details
000 -LEADER
fixed length control field 00511nam a22001817a 4500
005 - DATE AND TIME OF INPUT
control field 20240830085245.0
008 - DATA ELEMENTS--GENERAL INFORMATION
fixed length control field 240830b |||||||| |||| 00| 0 eng d
020 ## - INTERNATIONAL STANDARD BOOK NUMBER
International Standard Book Number 421142901
041 ## - LANGUAGE CODE
Language code of text 340.03 STR
082 ## - SHELF NUMBER
DDC number English
100 ## - MAIN AUTHOR
Language of a work English
245 ## - TITLE STATEMENT
Title Stroud's Judicial Dictionary
250 ## - EDITION STATEMENT
Edition statement Fourth Edition
260 ## - PUBLICATION, DISTRIBUTION, ETC.
Place of publication, distribution, etc. London:
Name of publisher, distributor, etc. Sweet and Maxwell Limited,
Date of publication, distribution, etc. 1971
300 ## - PHYSICAL DESCRIPTION
Other physical details xxiv, 671 pages;
Dimensions 26 cm.
650 ## - SUBJECT`
Broad subject Legal practice
Own subject terms Law
942 ## - ADDED ENTRY ELEMENTS (KOHA)
Item type Books
942 ## - ADDED ENTRY ELEMENTS (KOHA)
-- ALISON_BN_VRIES
Holdings
Source of classification or shelving scheme Volume number (bound volume or other part) Not for loan Collection code Home library Current library Shelving location Date acquired Full call number Barcode Price effective from Koha item type
Dewey Decimal Classification Volume 1   DICTIONARY LAW SOCIETY OF NAMIBIA LIBRARY - WINDHOEK LAW SOCIETY OF NAMIBIA LIBRARY - WINDHOEK DICTIONARY 08/30/2024 340.03 STR LSN/2023/4119 08/30/2024 Books
Dewey Decimal Classification Volume 2   DICTIONARY LAW SOCIETY OF NAMIBIA LIBRARY - WINDHOEK LAW SOCIETY OF NAMIBIA LIBRARY - WINDHOEK DICTIONARY 08/30/2024 340.03 STR LSN/2023/4120 08/30/2024 Books
Dewey Decimal Classification Volume 3   DICTIONARY LAW SOCIETY OF NAMIBIA LIBRARY - WINDHOEK LAW SOCIETY OF NAMIBIA LIBRARY - WINDHOEK DICTIONARY 08/30/2024 340.03 STR LSN/2023/4121 08/30/2024 Books
Dewey Decimal Classification Volume 4   DICTIONARY LAW SOCIETY OF NAMIBIA LIBRARY - WINDHOEK LAW SOCIETY OF NAMIBIA LIBRARY - WINDHOEK DICTIONARY 08/30/2024 340.03 STR LSN/2023/4122 08/30/2024 Books
Dewey Decimal Classification Volume 5   DICTIONARY LAW SOCIETY OF NAMIBIA LIBRARY - WINDHOEK LAW SOCIETY OF NAMIBIA LIBRARY - WINDHOEK DICTIONARY 08/30/2024 340.03 STR LSN/2023/4123 08/30/2024 Books